|
|
|
|
| LEADER |
00000nnm a2200000 i 4500 |
| 001 |
dolg7314 |
| 005 |
20160725155912.0 |
| 008 |
160523suuuu hu o 000 hun d |
| 040 |
|
|
|a BGE Dolgozattár Repozitórium
|b hun
|
| 041 |
|
|
|a hu
|
| 100 |
1 |
|
|a Takács Viktória
|
| 245 |
1 |
2 |
|a A Kristály Imperial Hotel**** SWOT-elemzése
|c Takács Viktória
|h [elektronikus dokumentum]
|
| 246 |
1 |
1 |
|a A Kristály Imperial Hotel**** SWOT-elemzése
|
| 516 |
|
|
|a Project_work
|
| 695 |
|
|
|a Hotel Kristály Imperial
|
| 695 |
|
|
|a SWOT elemzés
|
| 700 |
1 |
|
|a Fekete-Frojimovics Dr. Zsófia
|e ths
|
| 856 |
4 |
0 |
|u http://dolgozattar.uni-bge.hu/7314/1/Tak%C3%A1cs%20Vikt%C3%B3ria%20%28V9KXKC%29%20Projektmunka.pdf
|z Dokumentum-elérés
|